000 00550nam a2200229Ia 4500
003 OSt
005 20220918231505.0
006 a|||||r|||| 00| 0
007 ta
008 220917b |||||||| |||| 00| 0 eng d
024 _a295,661
037 _cTextual
040 _aARTS
_cARTS
_beng
041 _2eng
_aeng
082 _aO157,3N08,1, H0
100 _aRoy
_9120881
245 0 _aBhakter bhagaban
260 _c1940
650 _aBENGALI LITERATURE
942 _hO157,3N08,1, H0
_cTEXL
_2CC
999 _c291396
_d291396